| 000 | 00366nam a22001457a 4500 | ||
|---|---|---|---|
| 003 | OSt | ||
| 005 | 20220218092951.0 | ||
| 008 | 220218b |||||||| |||| 00| 0 eng d | ||
| 020 | _a139781259002113 | ||
| 040 | _cH U | ||
| 082 |
_25th _a660.28 |
||
| 100 |
_aPeters Max S. _930788 |
||
| 245 | _aPlant Design And Economics For Chemical Engineers | ||
| 942 |
_2ddc _cBOOKS _n0 |
||
| 999 |
_c30733 _d30733 |
||